000 01068cab a2200253 4500
001 ABS51200
008 090401t1994 xxu||||| |||| 00| 0 eng d
035 _a(Sirsi) u14604
041 _aeng
100 _aBallard, D.
245 _aPayment for materials or goods not yet incorporated into works
260 _c1994
350 _a0
490 _aConstruction Law Journal
_v10(3) 1994, 203-213(11)
520 _aExamines the system under the standard forms of contract of paying for materials or goods before they are incorporated into the works and questions whether there is any prospect of making it work properly and suggests alternative methods of helping the construction industry`s cashflow and its potential thereby of improving its efficiency.
650 _aINCORPORATION INTO THE WORKS
650 _aJCT STANDARD FORM OF BUILDING CONTRACT (1980 EDITION)
650 _aJCT PRACTICE NOTE 5
650 _aRETENTION OF TITLE
650 _aROMALPA CLAUSES
690 _aBUILT ENVIRONMENT-BUILDING CONTRACT FORMS
942 _n0
948 _c04/03/1997
999 _c9530
_d9530